000 00649nam a2200277Ia 4500
005 20260324133701.0
008 008 260324s9999 xx 000 0 eng d
020 _a9781315377292
037 _aEBOOK
040 _aCRL
040 _beng
040 _cCRL
041 _2eng
041 _aeng
084 _qCRL
100 _aJohn Mayberry; Margaret Mayberry
_91193994
245 0 _aConsent in Clinical Practice
260 _bTaylor and Francis
260 _c2003
365 _a
365 _b165
856 _uhttp://www.taylorfrancis.com/books/9781315377292
942 _cEBOOK
999 _c1793316
_d1793316